00589nam a2200181 450000500170000001000150001702000260003203500140005803700130007208200100008510000200009524500680011525000120018326000410019527000930023630000280032950000500035720191216151243.0 aENG-127146 a9789353940355c575.00 aEN-110678 bDBAD/PUB a658.4 aThompson, Leigh aMaking the team :cby Leigh L. Thompsonba guide for managers / a6th ed. aNoidabPearson India Educationc2020 a15th Floor, Tower-b, World Trade Tower, Plot No.-1, Block -C, Sector 16bNoida e201301 axviii;459p .c23cm(pbk) aIncludes bibliographical references and index